000 00418nam a2200181Ia 4500
003 0STCL
008 150530s9999 xx 000 0 und d
040 _aSTCL
_cSTCL
100 _aBabu Bharadwaj
245 _aKalapangalkoru Gruhapadam
250 _a2
260 _bCurrent Book; Thrissur
_c2007
_aThrissur
300 _a0
546 _aMalayalam
942 _2ddc
_cBK
999 _c66906
_d66906
005 20220125171334.0